Acteurs du film Le Loup de Wall Street par images - Statistiques

Statistiques générales
  • Ce quiz a été pris 64 fois
  • Le résultat moyen est 5 sur 9
Statistiques - réponses
Par images Hint Réponse % Correct
Jordan Belfort Leonardo DiCaprio
100%
Jean-Jacques Saurel Jean Dujardin
97%
Naomi Lapaglia Margot Robbie
89%
le Réalisateur Martin Scorsese
58%
Mark Hanna Matthew McConaughey
53%
Donnie Azoff Jonah Hill
39%
Max Belfort Rob Reiner
13%
Teresa Petrillo Cristin Milioti
11%
Patrick Denham Kyle Chandler
10%
Aucun quiz correspondant
Distribution des résultats
% des personnes avec chaque résultat
Percentile par nombre de réponses
Votre historique - résultats
Vous n’avez pas pris ce quiz